03172cam a22011414i 4500003000900000005001700009008004100026020001500067020001800082035002700100040004300127082002300170100003600193245007000229264004200299300005600341336002100397337002500418338002300443490003700466504003900503505080700542526000901349526000901358526000901367526000901376526000901385526000901394526000901403526000901412526000901421526000901430526000901439526000901448526000901457526000901466526000901475526000901484526000901493526000901502526000901511526000901520526000901529526000901538526000901547526000901556526000901565526000901574526000901583526000901592526000901601526000901610526000901619526000901628526000901637526000901646526000901655526000901664526000901673526000801682526000801690526000801698526000801706526000801714526000801722526000801730526000801738526000801746526000801754526000801762526000801770526000801778526000801786526000801794526000801802526000801810526000801818526000801826526000801834526000801842526000801850526000801858526000801866526000801874526000801882526000801890526000801898526000801906526000801914526000801922526000801930526000801938526000801946526000801954541001601962541001601978650003601994PE-LiUPU20250813185529.0150625s2002    sp a    rb    000 0 spa d  a8420534587  a9788420534589  a(Sirsi) i9788420534589  aPE-LiUPUbspacPE-LiUPUdPE-LiUPUerda04a373.37863bP272211 aPascual Mejía, Pilar,eautor.10aDidáctica de la música para primaria /cPilar Pacual Mejía. 1aMadrid :bPearson Educación,c2002.  a320 páginas :bilustraciones ;c24 centímetros.  atext2rdacontent  aunmediated2rdamedia  avolume2rdacarrier0 aColección Didáctica Primaria  aBibliografía: páginas 407-411.0 aBases psicopedagógicas de la educación musical -- Fundamentos de la educación musical -- El niño, sujeto de la educación musical desarrollo evolutivo en relación con la educación musical -- La educación musical en la educación primaria -- La secuenciación de los objetivos y de los contenidos -- Metodologías pedagógico-musicales -- El método Dalcroze -- El método Kodály -- El método Willems -- El método Martenot -- El método Orff -- Análisis de los contenidos específicos de la educación musical -- La educación vocal y el canto -- Los instrumentos -- La percepción auditiva y la audición de obras musicales -- El movimiento y la danza -- Programación -- Modelo de programación en educación musical -- Recursos materiales en educación musical.  aP202  aP201  aP163  aP162  aP161  aP160  aP148  aP147  aP146  aP145  aP144  aP143  aP142  aP141  aP140  aP139  aP138  aP137  aP136  aP135  aP134  aP133  aP129  aP128  aP127  aP120  aP119  aP118  aP116  aP115  aP114  aP110  aP109  aP108  aP104  aP103  aP102  aP99  aP98  aP97  aP96  aP95  aP93  aP90  aP89  aP88  aP83  aP82  aP62  aP59  aP58  aP57  aP51  aP49  aP48  aP47  aP29  aP24  aP20  aP19  aP17  aP15  aP14  aP12  aP10  aP09  aP08  aP07  aP06  aP05  aP04  aP01  g001-000324;  g001-000235;04aMúsicaxEducación primaria.